Actes du quinzième Congrès international des orientalistes : (Record no. 64843)
[ view plain ]
| 000 -LEADER | |
|---|---|
| fixed length control field | 00729nam a2200217 a 4500 |
| 001 - CONTROL NUMBER | |
| control field | 64843 |
| 003 - CONTROL NUMBER IDENTIFIER | |
| rucl marc code | BD-RJUL |
| 005 - DATE AND TIME OF LATEST TRANSACTION | |
| control field | 20211209081345.0 |
| 008 - FIXED-LENGTH DATA ELEMENTS--GENERAL INFORMATION | |
| fixed length control field | 170223s1968 dk 100 0 fre d |
| 035 ## - SYSTEM CONTROL NUMBER | |
| System control number | (BD-RJUL)64973 |
| 040 ## - CATALOGING SOURCE | |
| Original cataloging agency | DLC |
| Transcribing agency | *SER* |
| Modifying agency | MH |
| -- | BD-RJUL |
| Language of cataloging | eng |
| 041 ## - LANGUAGE CODE | |
| Language code of text/sound track or separate title | eng |
| 082 ## - DEWEY DECIMAL CLASSIFICATION NUMBER | |
| Edition number | 23 |
| Classification number | 956 |
| Author mark and year | ACT 1968 |
| 111 2# - MAIN ENTRY--MEETING NAME | |
| Meeting name or jurisdiction name as entry element | International Congress of Orientalists |
| Number of part/section/meeting | (15th : |
| Date of meeting | 1908 : |
| Location of meeting | Copenhagen, Denmark) |
| 9 (RLIN) | 192244 |
| 245 10 - TITLE STATEMENT | |
| Title | Actes du quinzième Congrès international des orientalistes : |
| Remainder of title | session de Copenhague, 1908 / |
| 260 ## - PUBLICATION, DISTRIBUTION, ETC. (IMPRINT) | |
| Place of publication, distribution, etc. | Copenhague : |
| Name of publisher, distributor, etc. | Imprimerie Graebe, |
| Date of publication, distribution, etc. | 1968 |
| 300 ## - PHYSICAL DESCRIPTION | |
| Pagination | 87 p. ; |
| Size | 27 cm. |
| 650 #0 - SUBJECT ADDED ENTRY--TOPICAL TERM | |
| Topical term or geographic name as entry element | Asia -- Congresses. |
| 9 (RLIN) | 192245 |
| Topical term or geographic name as entry element | Middle East -- Congresses. |
| 9 (RLIN) | 192246 |
| 942 ## - ADDED ENTRY ELEMENTS (KOHA) | |
| Source of classification or shelving scheme | Dewey Decimal Classification |
| Koha item type | Books |
| Lost status | Source of classification or shelving scheme | Damaged status | Not for loan | Collection code | Permanent Location | Current Location | Shelving location | Date acquired | Source of acquisition | Total Checkouts | Full call number | Date last seen | Copy number | Koha item type |
|---|---|---|---|---|---|---|---|---|---|---|---|---|---|---|
| Dewey Decimal Classification | Not For Loan | Non-fiction | Central Library, University of Rajshahi | Central Library, University of Rajshahi | Reading Room | 13/01/1972 | Zeitlinger | 956 ACT 1968 | 23/02/2017 | C-1 | Books |